000 02202nam1a22007331 4500
001 RU\NLR\A1SV\57302
005 20260401123104.0
035 _a(NLR Aleph) 009739259
090 _a9937929
_c9937929
100 _a20070422d1924 u y0rusy50 ca
101 0 _arus
102 _aRU
200 1 _aЛенинский сборник
_fИн-т Ленина при ЦК РКП(б)
_gПод ред. Л.Б.Каменева
205 _a2-е изд.
210 _aМ.
_aЛ.
_cГос. изд.
_d1924-1925
215 _d24 см
300 _aИзд. продолжалось до 1980-х гг.
316 _aЭкз. СГСПУ Т.4 деф.: утрачены с.449-462
620 _dМосква
620 _dСанкт-Петербург
702 1 _aКаменев
_bЛ.Б.
_f1883-1936
_gЛев Борисович
801 0 _aRU
_bNLR
_c20070422
852 _aNLR
_jЛ 1-Д/1-2-1
852 _aNLR
_jЛ 1-Д/1-2-1а
852 _aNLR
_jЛ 1-Д/1-2-2
852 _aNLR
_jЛ 1-Д/1-3-2
852 _aNLR
_jЛ 1-Д/1-3-2а
852 _aNLR
_jЛ 1-Д/1-4-2
852 _aNLR
_jЛ 1-Д/1-4-2а
899 _aАстОНБ
_z(1)
899 _aАОНБ
_z(1-2)
899 _aCB BAN
_z(3)
899 _aИМПИ
_z(2)
899 _aВСИАХМЗ
_z(2)
899 _aПсковОУНБ
_z(1, 3)
899 _aРГБ
899 _aAPL
_z(2-3)
899 _aNLC
_z(3,4)
899 _aСОУБ
_z(2-3)
899 _aЗНБ СГУ
_z(1-2)
899 _aЧОУНБ
_z(1)
899 _aРГГУ
899 _aТОУНБ
_z(1)
899 _aСамОУНБ
_z(2-4)
899 _aНБ КемГУ
899 _aСПбГУ
_z(2-4)
899 _aНБ ТГУ
899 _aНБ РК
_z(3-4)
899 _aМГУ
899 _aСПбГИК
899 _aКУНБ
899 _aНБУВ
_z(3-4)
899 _aНБ РКоми
_z(4)
899 _aНБ ПетрГУ
_z(1-4)
899 _aНГОУНБ
_z(2)
899 _aКирОУНБ
_z(2)
899 _aСГСПУ
_z(Т.4)
_zЭкз. деф.
899 _aООНБ
_z(1-3)
899 _aНБ Бел.
_z(1-2)
899 _aОренбургОУНБ
_z(2,3)
942 _cBOOK
980 _aA1SV
980 _aNB